| 000 | 00492nam a22001817a 4500 | ||
|---|---|---|---|
| 005 | 20241105103632.0 | ||
| 008 | 241105b |||||||| |||| 00| 0 eng d | ||
| 020 | _a9780827390638 | ||
| 050 |
_aRT84. _bJ45 HEG |
||
| 245 |
_aNursing Assistant/ _bA Nursing Process Approach |
||
| 250 | _a8th | ||
| 260 |
_aBoston _bDelmar Publishers _cc1999 |
||
| 300 |
_axvii,700p _bill.: |
||
| 500 | _aInclude Glossary, index | ||
| 700 | _aHegner,R.Barbara | ||
| 700 | _aCaldwell, Esther | ||
| 942 |
_2lcc _cBK _n0 |
||
| 999 |
_c623 _d623 |
||